Представление документа в формате RUSMARC

ПолеНазваниеЗначение
  Тип записи a
  Библиографический уровень m
001 Контрольный номер RU/SLIB/B/208770223
005 Дата корректировки 20251124142706.9
010 Индекс ISBN __
d Цена 170-00
100 Данные общей обработки __
a Данные общей обработки 20251124d1993 m y0rusy028902 ca
101 Язык документа 0_
a Язык текста rus
102 Страна публикации __
a Страна публикации RU
105 Кодированные данные (монография) __
a Кодированные данные (монография) y z 000yy
181 Поле кодированных данных: вид содержания _0
a Код вида содержания (ISBD) i
182 Поле кодированных данных: тип средства _0
a Код типа средства (ISBD) n
200 Заглавие и сведения об ответственности 1_
a Заглавие Триумфальная арка
f Первые сведения об ответственности Э. М. Ремарк
203 Вид содержания и тип средства __
a Вид содержания Текст
c Тип средства непосредственный
210 Выходные данные 1_
a Место издания Тула
c Издательство Приок. кн. изд-во
d Дата издания 1993
215 Физическое описание __
a Объем 364 с.
606 Тематические рубрики __
a Основная рубрика Художественная литература
y Географическая подрубрика Германия
2 Код системы nlr_sh
606 Тематические рубрики __
a Основная рубрика Литература Европы (произведения)
2 Код системы nlr_sh
610 Ключевые слова 0_
a Ключевые слова немецкая литература; проза; романы
686 Индексы других классификаций __
a Классификационный индекс 84(4Гем)-4; ст84(4Гем)-4
2 Код системы rubbks
700 Автор _1
a Фамилия Ремарк
b Имя Э. М.
4 Код отношения 070
801 Источник записи _0
a Страна RU
b Организация Муниципальное бюджетное учреждение культуры "Централизованная библиотечная система" г. Сургут (Центральная городская библиотека им. А. С. Пушкина)
g Правила каталогизации PSBO
c Дата составления 19990505
801 Источник записи _1
a Страна RU
b Организация Муниципальное бюджетное учреждение культуры "Централизованная библиотечная система" г. Сургут (Центральная городская библиотека им. А. С. Пушкина)
g Правила каталогизации PSBO
c Дата составления 19990505
852 Данные о местонахождении __
j Шифр хранения 84(4Гем)-4
i Авторский знак Р 37
p Инвентарный номер 46565
901 Тип документа __
t Тип документа m
a Ответственный КиК/Елгина
901 Тип документа __
a Ответственный СКБР2025
903 Характеристики (МАРС) __
a Дата передачи 19990505
c Наименование библиотеки (МАРС) Муниципальное бюджетное учреждение культуры "Централизованная библиотечная система" г. Сургут (Центральная городская библиотека им. А. С. Пушкина)
990 Данные о заказе (DOS) __
j Количество экземпляров (DOS) 9
t N записи в КСУ для И/У (DOS) ретро